Discurso leido en la Universidad de Valladolid en la solemne inauguracion del curso académico de 1882 á 1883 / (Record no. 161088)

MARC details
000 -LEADER
campo de control de longitud fija 00885nam a22002055i 4500
001 - NÚMERO DE CONTROL
campo de control 161088
003 - IDENTIFICADOR DE NÚMERO DE CONTROL
campo de control ES-MaACL
005 - FECHA Y HORA DE LA ÚLTIMA TRANSACCIÓN
campo de control 20250917063056.0
008 - DATOS DE LONGITUD FIJA--INFORMACIÓN GENERAL
campo de control de longitud fija 950206s1882 sp |||| | spa d
040 ## - FUENTE DE CATALOGACIÓN
Centro catalogador/agencia de origen CLM
Lengua de catalogación spa
Centro/agencia transcriptor CCPB | PA2
100 1# - ENTRADA PRINCIPAL--NOMBRE DE PERSONA
Nombre de persona Ortega Rubio, Juan,
Fechas asociadas al nombre 1845-1921
9 (RLIN) 87490
245 10 - MENCIÓN DEL TÍTULO
Título Discurso leido en la Universidad de Valladolid en la solemne inauguracion del curso académico de 1882 á 1883 /
Mención de responsabilidad, etc. por Juan Ortega y Rubio.
260 ## - PUBLICACIÓN, DISTRIBUCIÓN, ETC.
Lugar de publicación, distribución, etc. Valladolid :
Nombre del editor, distribuidor, etc. [s.n.],
Fecha de publicación, distribución, etc. 1882 (
Fabricante Imprenta de L. Garrido)
300 ## - DESCRIPCIÓN FÍSICA
Extensión 75 p. ;
Dimensiones 28 cm.
500 ## - NOTA GENERAL
Nota general Tema: Leibniz: su sistema filosófico.
600 14 - PUNTO DE ACCESO ADICIONAL DE MATERIA--NOMBRE DE PERSONA
Nombre de persona Leibniz, Gottfried Wilhelm
Títulos y otros términos asociados al nombre Freiherr von-
Subdivisión general Crítica e interpretación.
9 (RLIN) 71369
710 2# - ENTRADA AGREGADA--NOMBRE DE ENTIDAD CORPORATIVA
Nombre de entidad corporativa o nombre de jurisdicción como elemento de entrada Universidad de Valladolid.
9 (RLIN) 7332
852 ## - LOCALIZACIÓN
Ubicación ES-MaACL
Número de control de estantería T-385-F-4
Nota libre -- Enc. hol.
condición física -- Falto de la cub. original
Nota libre -- Enc. en un vol. facticio
Holdings
Estatus retirado Estado de pérdida Estado de daño No para préstamo Colección Biblioteca de origen Biblioteca actual Ubicación en estantería Fecha de adquisición Total de préstamos Signatura topográfica completa Código de barras Visto por última vez Precio de reemplazo Tipo de ítem Koha
        Colección de folletos Biblioteca del Ateneo de Madrid Biblioteca del Ateneo de Madrid Depósito folletos 17/01/2008   T-385-F-4 1168726 23/02/2023 23/02/2023 Folleto